[Event "Aeroflot Open"]
[Site "Moscow RUS"]
[Date "2019.02.24"]
[EventDate "2019.02.20"]
[Round "6.21"]
[Result "1/2-1/2"]
[White "Yi Xu"]
[Black "Alireza Firouzja"]
[WhiteElo "2520"]
[BlackElo "2618"]
[PlyCount "50"]

1. e4 c5 2. Nf3 Nc6 3. Bb5 g6 4. Bxc6 dxc6 5. d3 Bg7 6. h3 Nf6
7. Nc3 Nd7 8. Be3 b6 9. Qd2 h6 10. O-O e5 11. Nh2 Nf8 12. f4
exf4 13. Bxf4 Ne6 14. Be3 Nd4 15. Rae1 Be6 16. e5 Nf5 17. Bf2
Qc7 18. Nf3 O-O-O 19. Ne4 Kb8 20. b4 c4 21. Qc3 cxd3 22. cxd3
Rd7 23. a4 Rhd8 24. Rd1 Ne7 25. Bg3 Nf5 1/2-1/2

[Event "Aeroflot Open"]
[Site "Moscow RUS"]
[Date "2019.02.25"]
[EventDate "2019.02.20"]
[Round "7.19"]
[Result "1-0"]
[White "Alireza Firouzja"]
[Black "Shant Sargsyan"]
[WhiteElo "2618"]
[BlackElo "2488"]
[PlyCount "99"]

1. e4 c6 2. d4 d5 3. e5 Bf5 4. Nf3 e6 5. Be2 c5 6. c3 Nc6
7. O-O cxd4 8. Nxd4 Nge7 9. Nxf5 Nxf5 10. Bd3 g6 11. Qe2 Be7
12. Nd2 h5 13. Nf3 Nh4 14. Nxh4 Bxh4 15. f4 Be7 16. Be3 Qc7
17. Kh1 a6 18. Bg1 Rc8 19. Rf3 Nd8 20. b4 Qd7 21. a3 Nc6
22. Rd1 Qc7 23. Qc2 Bd8 24. Qe2 Ne7 25. Rh3 Kf8 26. Bd4 Kg7
27. g4 hxg4 28. Rxh8 Kxh8 29. Qxg4 Kg7 30. h4 Qc6 31. h5 Bb6
32. Qg5 Rh8 33. Qxe7 Bd8 34. b5 Rxh5+ 35. Kg2 Bxe7 36. bxc6
bxc6 37. a4 c5 38. Bf2 c4 39. Be2 Rh8 40. Rb1 Ba3 41. Be3 Rc8
42. Rb7 Bc5 43. Kf2 Bxe3+ 44. Kxe3 g5 45. f5 exf5 46. Bh5 f4+
47. Kd4 Kh6 48. Bxf7 f3 49. Rb6+ Kg7 50. Rf6 1-0

[Event "Aeroflot Open"]
[Site "Moscow RUS"]
[Date "2019.02.27"]
[EventDate "2019.02.20"]
[Round "9.18"]
[Result "1/2-1/2"]
[White "Alireza Firouzja"]
[Black "Nodirbek Abdusattorov"]
[WhiteElo "2618"]
[BlackElo "2560"]
[PlyCount "71"]

1. d4 Nf6 2. c4 e6 3. Nf3 d5 4. Nc3 Be7 5. g3 O-O 6. Bg2 dxc4
7. Ne5 c5 8. dxc5 Qxd1+ 9. Nxd1 Bxc5 10. O-O Nc6 11. Bxc6 bxc6
12. Be3 Bxe3 13. Nxe3 c3 14. bxc3 Nd5 15. c4 Nxe3 16. fxe3 Ba6
17. Rfc1 c5 18. Nd3 Rac8 19. Rab1 Rfd8 20. Rb3 Rd6 21. Ra3 f6
22. Ra5 Rdc6 23. e4 e5 24. Kf2 R8c7 25. Rc3 Bc8 26. Rca3 a6
27. Ke3 Kf7 28. Kd2 Bb7 29. Rb3 Bc8 30. Kc3 Bg4 31. Rb2 h5
32. Rd2 Be6 33. Nc1 Ke7 34. Nb3 Rb6 35. Nxc5 Bf7 36. Rd5
1/2-1/2

[Event "World Team Chess Championship"]
[Site "Astana KAZ"]
[Date "2019.03.06"]
[EventDate "2019.03.05"]
[Round "2.2"]
[Result "1/2-1/2"]
[White "Alireza Firouzja"]
[Black "Sethuraman P Sethuraman"]
[WhiteElo "2657"]
[BlackElo "2637"]
[PlyCount "77"]

1. e4 e5 2. Nf3 Nc6 3. Bc4 Nf6 4. d3 Bc5 5. c3 d6 6. a4 a6
7. O-O h6 8. Nbd2 O-O 9. h3 a5 10. Bb3 Be6 11. Nc4 Re8 12. Re1
Qd7 13. Be3 Bxe3 14. Nxe3 Bxb3 15. Qxb3 Ne7 16. Nh4 c6 17. Nc4
Qc7 18. d4 exd4 19. cxd4 d5 20. exd5 Nfxd5 21. Re5 g5 22. Nf5
Nxf5 23. Rxf5 Re6 24. Re5 Rae8 25. Rae1 Rxe5 26. dxe5 b6
27. h4 Re6 28. hxg5 hxg5 29. Qg3 Qe7 30. Re4 Rg6 31. e6 Rxe6
32. Rxe6 Qxe6 33. Qxg5+ Kh7 34. Ne5 Ne7 35. Ng4 Nd5 36. f4 Qg6
37. Ne5 Qxg5 38. fxg5 b5 39. b3 1/2-1/2

[Event "World Team Chess Championship"]
[Site "Astana KAZ"]
[Date "2019.03.07"]
[EventDate "2019.03.05"]
[Round "3.5"]
[Result "0-1"]
[White "Linus Johansson"]
[Black "Alireza Firouzja"]
[WhiteElo "2479"]
[BlackElo "2657"]
[PlyCount "84"]

1. d4 Nf6 2. c4 g6 3. Nc3 Bg7 4. e4 d6 5. Be2 O-O 6. Nf3 Nbd7
7. O-O e5 8. Be3 c6 9. dxe5 dxe5 10. Nd2 Qe7 11. Qa4 Re8
12. Rfd1 Nf8 13. Nb3 Ne6 14. g3 h5 15. Qa3 Qxa3 16. bxa3 Ng4
17. Bc1 Nd4 18. f3 Nf6 19. Rb1 Nd7 20. Kf2 Nb6 21. Bf1 Be6
22. Na5 Bf8 23. Nxb7 Nxc4 24. Bxc4 Bxc4 25. Be3 Ba6 26. Na4
Be2 27. Rd2 Bxf3 28. Nbc5 Bg4 29. Bxd4 exd4 30. Rxd4 Rad8
31. Rxd8 Rxd8 32. Rb2 Rd4 33. Ke3 Rc4 34. Kd3 Rxc5 35. Nxc5
Bxc5 36. Rc2 Bg1 37. h4 c5 38. Kc4 Be6+ 39. Kb5 c4 40. a4 Bd4
41. Rd2 Be5 42. Ka6 c3 0-1

[Event "World Team Chess Championship"]
[Site "Astana KAZ"]
[Date "2019.03.08"]
[EventDate "2019.03.05"]
[Round "4.4"]
[Result "0-1"]
[White "Imed Abdelnabbi"]
[Black "Alireza Firouzja"]
[WhiteElo "2435"]
[BlackElo "2657"]
[PlyCount "78"]

1. e4 c5 2. Nc3 d6 3. f4 g6 4. Nf3 Bg7 5. g3 Nc6 6. Bg2 Nf6
7. d3 O-O 8. O-O Rb8 9. h3 b5 10. a3 a5 11. g4 b4 12. axb4
axb4 13. Ne2 Bb7 14. Qe1 c4 15. Ng3 cxd3 16. cxd3 Nd7 17. Qe2
Nc5 18. Be3 Nb3 19. Rab1 Ba6 20. Rfd1 Ncd4 21. Nxd4 Bxd4
22. Bxd4 Nxd4 23. Qf2 e5 24. Nf1 Qb6 25. Kh2 Rfc8 26. Ne3 Nc2
27. d4 Nxe3 28. Qxe3 Rc4 29. f5 exd4 30. Qh6 Qd8 31. Rd2 Qf6
32. Rbd1 Rbc8 33. g5 Qe5+ 34. Kh1 Kh8 35. f6 Rg8 36. b3 Rcc8
37. Rxd4 Be2 38. Rd5 Qg3 39. Rg1 Rc2 0-1

[Event "World Team Chess Championship"]
[Site "Astana KAZ"]
[Date "2019.03.09"]
[EventDate "2019.03.05"]
[Round "5.4"]
[Result "1-0"]
[White "Alireza Firouzja"]
[Black "Ni Hua"]
[WhiteElo "2657"]
[BlackElo "2683"]
[PlyCount "111"]

1. e4 e5 2. Nf3 Nf6 3. Nxe5 d6 4. Nf3 Nxe4 5. Nc3 Nxc3 6. dxc3
Be7 7. Be3 O-O 8. Qd2 Nd7 9. O-O-O c6 10. Kb1 d5 11. h4 Nf6
12. Ng5 Ne4 13. Qe2 Qc7 14. g3 Bf6 15. Nxe4 dxe4 16. Bg2 Re8
17. g4 Be6 18. a3 Qc8 19. g5 Bg4 20. f3 exf3 21. Bxf3 Bxf3
22. Qxf3 Be5 23. Rd3 Qe6 24. Rhd1 a6 25. Bb6 f6 26. Rd7 Re7
27. Rxe7 Qxe7 28. Qg4 Re8 29. h5 Qe6 30. Qxe6+ Rxe6 31. Rd8+
Kf7 32. Bc5 Re7 33. g6+ hxg6 34. hxg6+ Ke6 35. Bxe7 Kxe7
36. Ra8 f5 37. Kc1 Kf6 38. Kd2 Kxg6 39. Ke3 Kh5 40. Re8 Bd6
41. Re6 Bb8 42. Re7 g5 43. Rxb7 Bf4+ 44. Kf2 g4 45. Rb6 Bg5
46. Rxa6 Bh4+ 47. Kf1 f4 48. Ra8 f3 49. Rf8 Be7 50. Rf7 Bg5
51. a4 Kg6 52. Rf8 Bh6 53. Re8 Kf5 54. a5 g3 55. a6 g2+
56. Kf2 1-0

[Event "World Team Chess Championship"]
[Site "Astana KAZ"]
[Date "2019.03.11"]
[EventDate "2019.03.05"]
[Round "6.3"]
[Result "0-1"]
[White "Jonathan Speelman"]
[Black "Alireza Firouzja"]
[WhiteElo "2516"]
[BlackElo "2657"]
[PlyCount "64"]

1. Nf3 Nf6 2. g3 g6 3. b3 d5 4. Bb2 c5 5. Bg2 Bg7 6. O-O O-O
7. e3 Re8 8. d4 cxd4 9. exd4 Bf5 10. c4 dxc4 11. bxc4 Nc6
12. Qb3 Na5 13. Qb4 Bd3 14. Rc1 Bxc4 15. Nbd2 Bd5 16. Nb3 Nc6
17. Qb5 a6 18. Qe2 Bh6 19. Rd1 Qb6 20. Nc5 e5 21. Qc2 exd4
22. Nxd4 Bxg2 23. Kxg2 Nxd4 24. Bxd4 Qc6+ 25. Kg1 Ne4 26. Nxe4
Qxc2 27. Nf6+ Kf8 28. Nd7+ Ke7 29. Bc5+ Ke6 30. Rd6+ Kf5
31. Rd5+ Kg4 32. Rad1 Kh3 0-1

[Event "World Team Chess Championship"]
[Site "Astana KAZ"]
[Date "2019.03.12"]
[EventDate "2019.03.05"]
[Round "7.5"]
[Result "1-0"]
[White "Alireza Firouzja"]
[Black "Petr Kostenko"]
[WhiteElo "2657"]
[BlackElo "2466"]
[PlyCount "61"]

1. e4 e6 2. d4 d5 3. Nc3 Nf6 4. e5 Nfd7 5. f4 c5 6. Nf3 Nc6
7. Be3 a6 8. Qd2 b5 9. Bd3 Qb6 10. Qf2 cxd4 11. Nxd4 Nxd4
12. Bxd4 Bc5 13. Bxc5 Nxc5 14. b4 Nxd3+ 15. cxd3 d4 16. Ne4
O-O 17. O-O Bb7 18. Nd6 Bd5 19. f5 exf5 20. Nxf5 Rfe8 21. Rae1
Qg6 22. Re2 Rad8 23. Qxd4 f6 24. Qb6 Kh8 25. Ne7 Qf7 26. exf6
Ba8 27. fxg7+ Qxg7 28. Nf5 Qg5 29. Qd4+ Kg8 30. Ne7+ Qxe7
31. Rxe7 1-0

[Event "World Team Chess Championship"]
[Site "Astana KAZ"]
[Date "2019.03.13"]
[EventDate "2019.03.05"]
[Round "8.4"]
[Result "1/2-1/2"]
[White "Nijat Abasov"]
[Black "Alireza Firouzja"]
[WhiteElo "2627"]
[BlackElo "2657"]
[PlyCount "64"]

1. d4 Nf6 2. Nf3 g6 3. g3 Bg7 4. Bg2 O-O 5. c4 d5 6. cxd5 Nxd5
7. O-O Nc6 8. Nc3 Nxc3 9. bxc3 e5 10. d5 Na5 11. Nd2 f5
12. Ba3 Re8 13. e4 b6 14. Qe2 Nb7 15. c4 Nd6 16. c5 bxc5
17. Bxc5 a5 18. Rfc1 Bh6 19. a4 Ba6 20. Qe1 Rb8 21. exf5 gxf5
22. Rcb1 Rxb1 23. Nxb1 e4 24. Qxa5 Qf6 25. Qc3 Bg7 26. Qxf6
Bxf6 27. Ra2 Bc4 28. Rd2 Ra8 29. Na3 Bd3 30. Bf1 Bxf1 31. Kxf1
Rxa4 32. Rc2 Nb7 1/2-1/2

[Event "World Team Chess Championship"]
[Site "Astana KAZ"]
[Date "2019.03.14"]
[EventDate "2019.03.05"]
[Round "9.4"]
[Result "1-0"]
[White "Alireza Firouzja"]
[Black "Aleksandr Lenderman"]
[WhiteElo "2657"]
[BlackElo "2637"]
[PlyCount "67"]

1. e4 e5 2. Nf3 Nf6 3. Nxe5 d6 4. Nf3 Nxe4 5. d4 d5 6. Bd3 Bf5
7. O-O Be7 8. Re1 Nc6 9. Nbd2 Nxd2 10. Qxd2 Bxd3 11. Qxd3 O-O
12. c3 Qd7 13. Bf4 Rfe8 14. Re2 Bd6 15. Bxd6 Rxe2 16. Qxe2
Qxd6 17. Re1 g6 18. h4 h5 19. b4 Rf8 20. Ng5 a5 21. b5 Na7
22. g3 Nc8 23. Nh3 Qf6 24. Nf4 Nb6 25. Qd3 Rd8 26. Re5 Kf8
27. Qe2 a4 28. Re3 Kg7 29. Re7 Kf8 30. Rxc7 Re8 31. Qf3 Re4
32. Kg2 Qf5 33. Rxb7 Nc4 34. Nd3 1-0

[Event "Sharjah Masters"]
[Site "Sharjah UAE"]
[Date "2019.03.22"]
[EventDate "2019.03.22"]
[Round "1.11"]
[Result "1-0"]
[White "Alireza Firouzja"]
[Black "Mila Zarkovic"]
[WhiteElo "2657"]
[BlackElo "2187"]
[PlyCount "43"]

1. e4 c5 2. Nf3 d6 3. Nc3 a6 4. g3 b5 5. d4 cxd4 6. Nxd4 Bb7
7. Bg2 Nf6 8. O-O e6 9. Re1 Nfd7 10. a4 bxa4 11. Rxa4 Be7
12. Rb4 Nc5 13. Rxb7 Nxb7 14. e5 d5 15. Nxd5 exd5 16. Nf5 O-O
17. Bxd5 Bc5 18. b4 Bb6 19. Qg4 g6 20. e6 Qf6 21. e7 Re8
22. Bxf7+ 1-0

[Event "Sharjah Masters"]
[Site "Sharjah UAE"]
[Date "2019.03.23"]
[EventDate "2019.03.22"]
[Round "2.10"]
[Result "1/2-1/2"]
[White "S Nitin"]
[Black "Alireza Firouzja"]
[WhiteElo "2408"]
[BlackElo "2657"]
[PlyCount "65"]

1. e4 c6 2. d4 d5 3. e5 Bf5 4. Be3 e6 5. Nd2 Nd7 6. c3 f6
7. f4 Qb6 8. Qb3 g5 9. Ngf3 g4 10. Nh4 Nh6 11. Be2 Be7 12. g3
Rg8 13. Ng2 c5 14. exf6 cxd4 15. Bxd4 Qxb3 16. axb3 Bxf6
17. Ne3 Bxd4 18. cxd4 Ke7 19. Kf2 Nf6 20. Rhc1 Kd6 21. b4 Ne4+
22. Nxe4+ Bxe4 23. Ra3 Rg7 24. b5 Rgg8 25. b6 axb6 26. Rb3 Ke7
27. Rxb6 Kf6 28. Rxb7 Ra4 29. Rd1 Bf5 30. Rb6 Be4 31. Rb7 Bf5
32. Rb6 Be4 33. Rb7 1/2-1/2

[Event "Sharjah Masters"]
[Site "Sharjah UAE"]
[Date "2019.03.24"]
[EventDate "2019.03.22"]
[Round "3.20"]
[Result "1-0"]
[White "Alireza Firouzja"]
[Black "Kidambi Sundararajan"]
[WhiteElo "2657"]
[BlackElo "2413"]
[PlyCount "109"]

1. e4 e5 2. Nf3 Nc6 3. Bb5 a6 4. Ba4 Nf6 5. O-O Be7 6. Re1 b5
7. Bb3 d6 8. c3 O-O 9. h3 Na5 10. Bc2 c5 11. d4 Qc7 12. Nbd2
Bd7 13. Nf1 Nc4 14. b3 Nb6 15. a4 bxa4 16. bxa4 Rfe8 17. Ne3
a5 18. Rb1 Bf8 19. dxe5 dxe5 20. c4 Bc6 21. Nd5 Bxd5 22. cxd5
Nfd7 23. Bd2 Nc4 24. Bd3 Na3 25. Rc1 c4 26. Bf1 Rab8 27. Bc3
Nc5 28. Nd2 Nb3 29. Nxb3 cxb3 30. Bb2 Qd7 31. Bd3 Qxa4 32. Ra1
f6 33. Bf1 Bd6 34. Qg4 Rb7 35. Rec1 f5 36. Qxf5 Rf7 37. Qg4
Rf4 38. Qg3 Ref8 39. f3 R4f6 40. Kh1 Rg6 41. Qe1 Rb8 42. Qf2
Rf6 43. Bd3 Rf7 44. Rc6 Bf8 45. Qf1 Rfb7 46. Qc1 Rb6 47. Bxa3
Bxa3 48. Qxa3 Qd4 49. Rxb6 Rxb6 50. Rd1 b2 51. d6 Rxd6
52. Bc4+ Kh8 53. Rxd4 b1=Q+ 54. Kh2 Rxd4 55. Qf8# 1-0

[Event "Sharjah Masters"]
[Site "Sharjah UAE"]
[Date "2019.03.25"]
[EventDate "2019.03.22"]
[Round "4.9"]
[Result "0-1"]
[White "Javokhir Sindarov"]
[Black "Alireza Firouzja"]
[WhiteElo "2505"]
[BlackElo "2657"]
[PlyCount "95"]

1. e4 c5 2. Nf3 d6 3. d4 cxd4 4. Nxd4 Nf6 5. Nc3 a6 6. h3 e6
7. g4 Be7 8. Bg2 Nfd7 9. Be3 Nc6 10. h4 Nde5 11. Qe2 Nxd4
12. Bxd4 Bxh4 13. O-O-O Bg5+ 14. Kb1 Bd7 15. Be3 Bxe3 16. Qxe3
Bc6 17. f4 Ng6 18. Rd2 Qc7 19. f5 Ne5 20. Qg5 Qe7 21. Qxg7
O-O-O 22. g5 Rhg8 23. Qf6 Qxf6 24. gxf6 exf5 25. b3 f4 26. Rf2
Rg3 27. Bh3+ Kb8 28. Ne2 Bxe4 29. Rxf4 Re3 30. Rh2 Nf3 31. Rf2
Ng5 32. Bg4 h5 33. Bxh5 Nh3 34. Rxe4 Rxe4 35. Rg2 Rf8 36. Rg7
Re5 37. Ng3 Ng5 38. c4 d5 39. cxd5 Rxd5 40. Kb2 Kc7 41. Ne2
Re5 42. Nc3 Kd8 43. b4 Ke8 44. Bd1 Rh8 45. Bb3 Kf8 46. Nd5 Rh6
47. Kc3 Rxf6 48. Kd4 0-1

[Event "Sharjah Masters"]
[Site "Sharjah UAE"]
[Date "2019.03.26"]
[EventDate "2019.03.22"]
[Round "5.7"]
[Result "1/2-1/2"]
[White "Alireza Firouzja"]
[Black "Pouya Idani"]
[WhiteElo "2657"]
[BlackElo "2604"]
[PlyCount "81"]

1. e4 c5 2. Nf3 d6 3. d4 cxd4 4. Nxd4 Nf6 5. Nc3 a6 6. g3 e5
7. Nb3 Be7 8. Bg2 O-O 9. O-O Bg4 10. Qd3 Nbd7 11. h3 Be6
12. Nd5 Bxd5 13. exd5 Rc8 14. Be3 e4 15. Qe2 Qc7 16. Rac1 Nxd5
17. Bxe4 Nxe3 18. Qxe3 Bf6 19. c3 Ne5 20. Nd4 Nc4 21. Qd3 Nxb2
22. Qf3 d5 23. Bxd5 Nc4 24. Rfe1 Nd6 25. Nf5 b5 26. Nxd6 Qxd6
27. c4 b4 28. Rcd1 Qb6 29. Kg2 a5 30. Qb3 g6 31. Re4 Kg7
32. Qa4 Rc7 33. Rde1 Qc5 34. Rf4 Rd8 35. h4 h5 36. Qd1 Bc3
37. Re3 Rd6 38. Re8 Rf6 39. Rxf6 Bxf6 40. Qa4 Re7 41. Rxe7
1/2-1/2

[Event "Sharjah Masters"]
[Site "Sharjah UAE"]
[Date "2019.03.27"]
[EventDate "2019.03.22"]
[Round "6.6"]
[Result "1/2-1/2"]
[White "Deepan Chakkravarthy J"]
[Black "Alireza Firouzja"]
[WhiteElo "2534"]
[BlackElo "2657"]
[PlyCount "62"]

1. e4 c5 2. Nf3 d6 3. d4 cxd4 4. Nxd4 Nf6 5. Nc3 a6 6. g3 e5
7. Nde2 Be7 8. Bg2 O-O 9. O-O Be6 10. a4 Nbd7 11. h3 b5
12. axb5 axb5 13. Rxa8 Qxa8 14. Nxb5 Nxe4 15. Nc7 Qa4 16. b3
Qc6 17. Nxe6 fxe6 18. c4 d5 19. cxd5 exd5 20. Bxe4 dxe4
21. Be3 Qe6 22. Nc3 Nf6 23. Kh2 Rc8 24. Nb1 Bb4 25. Nd2 Rc3
26. Nc4 Nd5 27. Qa1 h6 28. Qa8+ Kh7 29. Rd1 Rd3 30. Nb2 Rxe3
31. fxe3 Qf5 1/2-1/2

[Event "Sharjah Masters"]
[Site "Sharjah UAE"]
[Date "2019.03.28"]
[EventDate "2019.03.22"]
[Round "7.8"]
[Result "1-0"]
[White "Alireza Firouzja"]
[Black "N R Vignesh"]
[WhiteElo "2657"]
[BlackElo "2476"]
[PlyCount "101"]

1. e4 e5 2. Nf3 Nc6 3. Bb5 Nf6 4. d3 d6 5. c3 Bd7 6. O-O g6
7. Re1 Bg7 8. Nbd2 O-O 9. a4 a6 10. Bc4 h6 11. Nf1 Re8 12. Qb3
Qe7 13. a5 Rab8 14. Ne3 Be6 15. Nd5 Qd8 16. Be3 g5 17. Nd2 Qc8
18. Ra4 Ne7 19. Nxe7+ Rxe7 20. Rb4 c6 21. Bxe6 Qxe6 22. Qxe6
fxe6 23. Nc4 Rd8 24. f3 g4 25. fxg4 Nxg4 26. Bb6 Rdd7 27. Rf1
Rf7 28. Rxf7 Kxf7 29. h3 Nf6 30. Bf2 Ne8 31. g4 Kg6 32. Kg2 h5
33. Be3 hxg4 34. hxg4 Bh6 35. Bxh6 Kxh6 36. Kg3 Kg5 37. Nd2
Nf6 38. Nf3+ Kg6 39. c4 c5 40. Rb6 Ne8 41. b4 cxb4 42. c5 Kg7
43. cxd6 Nxd6 44. Rxb4 Nf7 45. Rb3 Rc7 46. g5 Nd8 47. Nxe5 Rc5
48. d4 Rxa5 49. Rc3 Ra4 50. Rc7+ Kg8 51. g6 1-0

[Event "Sharjah Masters"]
[Site "Sharjah UAE"]
[Date "2019.03.30"]
[EventDate "2019.03.22"]
[Round "9.5"]
[Result "1-0"]
[White "Alireza Firouzja"]
[Black "Anh Khoi Nguyen"]
[WhiteElo "2657"]
[BlackElo "2484"]
[PlyCount "71"]

1. e4 c5 2. Nf3 d6 3. d4 cxd4 4. Nxd4 Nf6 5. Nc3 a6 6. Nb3 Nc6
7. Be3 e6 8. g4 h6 9. h4 d5 10. exd5 exd5 11. f3 Bb4 12. Qe2
O-O 13. O-O-O Re8 14. Qf2 Bxc3 15. bxc3 Bxg4 16. Bb6 Qd6
17. fxg4 Ne4 18. Qe3 Ng3 19. Qf3 Nxh1 20. Qxh1 a5 21. Qxd5 Qe7
22. a4 Qxh4 23. Bc4 Qf6 24. Qf5 Qxc3 25. Bxf7+ Kh8 26. Bxe8
Rxe8 27. Bxa5 Qc4 28. Kb2 Nxa5 29. Qxa5 Qxg4 30. Qb5 Ra8
31. Rd4 Qf3 32. Qd7 Rf8 33. a5 Rf7 34. Qe8+ Rf8 35. Qe6 h5
36. Qg6 1-0

[Event "Reykjavik Open"]
[Site "Reykjavik ISL"]
[Date "2019.04.08"]
[EventDate "2019.04.08"]
[Round "1.3"]
[Result "1-0"]
[White "Alireza Firouzja"]
[Black "Julius Chittka"]
[WhiteElo "2669"]
[BlackElo "2268"]
[PlyCount "46"]

1. e4  c5  2. Nc3  Nc6  3. Bb5  Nd4  4. Bc4  e6  5. Nf3  Ne7  6.
Nxd4  cxd4  7. Ne2  Nc6  8. O-O  Bc5  9. d3  O-O  10. a3  d6  11. Ng3  Bd7  12. f4  Rc8  13. f5  Ne5  14. f6  g6  15. Qd2  Kh8  16. Qg5  d5  17. Rf4  Re8  18.
Bb3  Nc6  19. Rh4  Bf8  20. e5  Ne7  21. Rxh7+  Kxh7  22. Qh4+  Kg8  23. Bh6  1-0

[Event "Reykjavik Open"]
[Site "Reykjavik ISL"]
[Date "2019.04.09"]
[EventDate "2019.04.08"]
[Round "2.3"]
[Result "0-1"]
[White "Robby Kevlishvili"]
[Black "Alireza Firouzja"]
[WhiteElo "2451"]
[BlackElo "2669"]
[PlyCount "66"]

1. e4  e5  2. Nf3  Nc6  3. Bb5  a6  4. Ba4  Nf6  5. O-O  b5  6. Bb3  Bc5  7. c3  d6 
8. d4  Bb6  9. a4  Rb8  10. a5  Ba7  11. h3  O-O  12. Be3  exd4  13.
cxd4  Nb4  14. Nc3  Bb7  15. Re1  Bxe4  16. Nxe4  Nxe4  17. d5  Bc5  18. Bd4  Re8  19. Re3  Qd7
 20. Qe1  Nf6  21. Qd2  Rxe3  22. Bxe3  Ne4  23. Qd1  Bxe3  24. fxe3  Nc5  25. Ra3  Qe7  26. Qd2  Qe4  27. Ng5  Qb1+  28. Kh2  Nbd3  29. Bc2 
Qxb2  30. Rxd3  Qe5+  31. Kg1  Qxg5  32. Rd4  g6  33. Rf4  b4  0-1

[Event "Reykjavik Open"]
[Site "Reykjavik ISL"]
[Date "2019.04.09"]
[EventDate "2019.04.08"]
[Round "3.1"]
[Result "1/2-1/2"]
[White "Alireza Firouzja"]
[Black "Matthieu Cornette"]
[WhiteElo "2669"]
[BlackElo "2556"]
[PlyCount "60"]

1. e4  c5  2. Nc3  Nc6  3. Bb5  Nd4  4. Nf3  a6  5. Bd3  g6  6. Rb1
 Bg7  7. b4  cxb4  8. Rxb4  Nc6  9. Rb1  Nf6
 10. Bb2  O-O  11. Nd5  e6  12. Nxf6+  Bxf6  13. Bxf6  Qxf6  14. Rb6  d5  15. O-O  Nb8  16. exd5  Nd7  17. Rb4  exd5  18. Rd4  Nc5  19. Rxd5  b6
 20. Qa1  Qxa1  21. Rxa1  Bb7  22. Rd6  Bxf3  23. gxf3  Rfd8  24. Rxb6 
Nxd3  25. cxd3  Rxd3  26. Rd1  a5  27. Kf1  Rad8  28. Ke2  Ra3  29. Rb2 
Re8+  30. Kf1  Rxf3  1/2-1/2

[Event "Reykjavik Open"]
[Site "Reykjavik ISL"]
[Date "2019.04.10"]
[EventDate "2019.04.08"]
[Round "4.3"]
[Result "0-1"]
[White "Daniel Sadzikowski"]
[Black "Alireza Firouzja"]
[WhiteElo "2523"]
[BlackElo "2669"]
[PlyCount "106"]

1. d4  d5  2. c4  c6  3. Nf3  Nf6  4. Nc3  e6
 5. Bg5  h6  6. Bxf6  Qxf6  7. e3  Nd7  8.
Be2  g6  9. O-O  Qe7  10. Rb1  Bg7  11. cxd5 
exd5  12. b4  b5  13. a4  a6  14. a5  O-O  15. Na2  Nf6  16. Ne5  Bb7  17. Rc1  Rac8  18. Nd3  Ne4  19. Nc3  Nd6  20. Kh1  h5  21. Re1  Rfe8
 22. Bf1  Qh4  23. Rc2  Rcd8  24. Nc5  Bc8  25. Qd2  Bf8  26. Rcc1 
Nc4  27. Bxc4  dxc4  28. g3  Qf6  29. f4  Bxc5  30. bxc5  Bf5  31. Qb2 
Bd3  32. Nd1  Qxd4  33. exd4  Rxe1+  34. Kg2  Re2+  35. Qxe2  Bxe2  36. Nc3  Bg4  37. h3  Bf5  38. g4  hxg4  39. hxg4  Bxg4  40. Na2  Rxd4  41. Nb4 
Bf5  42. Nxa6  Rd2+  43. Kf3  Ra2  44. Nb4  Rxa5  45. Nxc6  Ra3+  46. Kf2 
Rd3  47. Ke2  Rd7  48. Nb4  Rc7  49. c6  Be4  50. Ke3  Bxc6  51. Kd4 
Bb7  52. Rc3  Kg7  53. Ke5  Rc5+  0-1

[Event "Reykjavik Open"]
[Site "Reykjavik ISL"]
[Date "2019.04.11"]
[EventDate "2019.04.08"]
[Round "5.2"]
[Result "1-0"]
[White "Alireza Firouzja"]
[Black "Vladimir Potkin"]
[WhiteElo "2669"]
[BlackElo "2597"]
[PlyCount "96"]

1. d4  Nf6  2. c4  g6  3. g3  c6  4. Bg2  d5  5. Nf3  Bg7  6. O-O  O-O  7. b3  dxc4  8.
bxc4  c5  9. Bb2  cxd4  10. Nxd4  Qb6  11. Qc1  Bd7  12. Nd2  Nc6  13. N2b3  Nxd4  14. Bxd4 
Qc7  15. Qf4  Qxf4  16. gxf4  Bc6  17. Bxc6  bxc6  18. Rfd1  a5  19. Be5 
a4  20. Nc5  Ra5  21. Nb7  Ra7  22. Nd8  Ne4  23. Nxc6  Bxe5  24. Nxe5 
f6  25. Nd7  Rc8  26. Rac1  Kf7  27. c5  Rac7  28. f3  Nxc5  29. Nb6  Rb8
 30. Nxa4  Ne6  31. Rxc7  Nxc7 32. Rd7  Ne6  33. e3  Rc8  34. Nb6  Rc1+  35. Kg2  Rc2+  36. Kh3 
Ke8  37. Ra7  Nc7  38. a4  Rc6  39. a5  Nb5  40. Rb7  Kd8  41. a6  Na7
 42. e4  Nc8  43. Nxc8  Kxc8  44. Rxe7  Rxa6  45. Rxh7  f5  46. e5 
Ra1  47. Kg2  Kd8  48. h4  1-0

[Event "Reykjavik Open"]
[Site "Reykjavik ISL"]
[Date "2019.04.14"]
[EventDate "2019.??.??"]
[Round "7.1"]
[Result "0-1"]
[White "Alireza Firouzja"]
[Black "Constantin Lupulescu"]
[WhiteElo "2669"]
[BlackElo "2634"]
[PlyCount "62"]

1. e4  e6  2. d4  d5  3. Nc3  Nf6  4. e5 
Nfd7  5. f4  c5  6. Nf3  Nc6  7. Be3  Be7  8. Qd2  O-O  9. dxc5  Qa5
 10. O-O-O  b6  11. Bb5  Nb4  12. a3  bxc5  13. Bxd7  Bxd7  14. axb4 
cxb4  15. Nb1  Rfc8  16. Nd4  Qa2  17. f5  exf5  18. Rhf1  a5  19. Nxf5 
Bxf5  20. Rxf5  a4  21. Bd4  a3  22. e6  f6 
23. Qd3  b3  24. Rf2  Ra4  25. c3  Rxd4  26. Qxd4  Bc5  27. Qd2  Bxf2  28. Qxf2  Qa1  29. e7  a2
 30. e8=Q+  Rxe8  31. Qf5  d4  0-1

[Event "Reykjavik Open"]
[Site "Reykjavik ISL"]
[Date "2019.04.15"]
[EventDate "2019.04.08"]
[Round "8.7"]
[Result "0-1"]
[White "Alisher Suleymenov"]
[Black "Alireza Firouzja"]
[WhiteElo "2431"]
[BlackElo "2669"]
[PlyCount "76"]

1. d4 g6 2. c4 Bg7 3. e4 d6 4. Nc3 e5 5. d5 a5 6. Be2 Na6
7. Be3 f5 8. exf5 Bxf5 9. g4 Bd7 10. h4 Qe7 11. h5 g5 12. Nf3
h6 13. Nd2 e4 14. Ndxe4 Nf6 15. Ng3 O-O 16. O-O a4 17. Bd4 a3
18. b3 c5 19. dxc6 bxc6 20. f3 c5 21. Nd5 Nxd5 22. Bxg7 Kxg7
23. Qxd5 Nb4 24. Qe4 Qxe4 25. Nxe4 Rae8 26. Rf2 Bxg4 27. Nxd6
Re6 28. Ne4 Nc2 29. Raf1 Bh3 30. Nxc5 Re5 31. Rc1 Nd4 32. Ne4
g4 33. Ng3 gxf3 34. Bd3 Rf4 35. Rh2 f2+ 36. Rxf2 Nf3+ 37. Kh1
Rg5 38. Ne4 Bg2+ 0-1

[Event "Reykjavik Open"]
[Site "Reykjavik ISL"]
[Date "2019.04.16"]
[EventDate "2019.04.08"]
[Round "9.4"]
[Result "1-0"]
[White "Alireza Firouzja"]
[Black "Johann Hjartarson"]
[WhiteElo "2669"]
[BlackElo "2520"]
[PlyCount "135"]

1. e4 c5 2. Nf3 e6 3. d4 cxd4 4. Nxd4 Nc6 5. Nc3 Qc7 6. Be3 a6
7. Qf3 Bd6 8. O-O-O Be5 9. g3 Nge7 10. Qe2 O-O 11. Qd2 Nxd4
12. Bxd4 d6 13. Bxe5 dxe5 14. Qd6 Qxd6 15. Rxd6 b5 16. Be2 Rb8
17. Rhd1 Bb7 18. Rd7 Nc6 19. R1d6 Rfc8 20. Bd3 Kf8 21. a4 Nd4
22. axb5 axb5 23. Rb6 Bc6 24. Rc7 Be8 25. Rxc8 Rxc8 26. Kd1 g5
27. h3 h5 28. Kd2 h4 29. gxh4 gxh4 30. Ke3 Rc7 31. Rb8 Ke7
32. f4 f6 33. fxe5 fxe5 34. Kd2 Nf3+ 35. Kc1 Nd4 36. Kb1 Bd7
37. Rh8 b4 38. Nd1 Nf3 39. b3 Rc8 40. Rh7+ Kd6 41. Ne3 Bc6
42. Kb2 Kc5 43. Nc4 Kd4 44. Be2 Rf8 45. Rh6 Bxe4 46. Rxe6 Ng5
47. Rd6+ Kc5 48. c3 Rf2 49. cxb4+ Kxb4 50. Rb6+ Kc5 51. Kc3
Bb1 52. b4+ Kd5 53. Rb5+ Ke4 54. Rxe5+ Kf4 55. Bd3 Bxd3
56. Kxd3 Nxh3 57. b5 Rf1 58. Kc2 Rf2+ 59. Kb3 Rf3+ 60. Kb4 Rf1
61. Re2 Rb1+ 62. Rb2 Rxb2+ 63. Nxb2 Ke5 64. b6 Kd6 65. Kb5 Nf4
66. Nc4+ Kd7 67. b7 Kc7 68. Ka6 1-0